LIBRARY & INFORMATION CENTRE, KCAET, TAVANUR

ONLINE PUBLIC ACCESS CATALOGUE (OPAC)

An Introduction to operational research / (Record no. 11117)

MARC details
000 -LEADER
fixed length control field 00470cam a2200181ua 4500
041 ## - LANGUAGE CODE
Language code of text/sound track or separate title eng
082 ## - DEWEY DECIMAL CLASSIFICATION NUMBER
Classification number 658.4034
Item number KOT/IN
100 ## - MAIN ENTRY--AUTHOR NAME
Personal name Kothari, C.R .
245 ## - TITLE STATEMENT
Title An Introduction to operational research /
250 ## - EDITION STATEMENT
Edition statement 3 rev. /
260 ## - PUBLICATION, DISTRIBUTION, ETC. (IMPRINT)
Place of publication New Delhi :
Name of publisher Vikas publishing house pvt ltd ,
Year of publication 192.
300 ## - PHYSICAL DESCRIPTION
Number of Pages 522 ; .
942 ## - ADDED ENTRY ELEMENTS (KOHA)
Koha item type Books
Holdings
Withdrawn status Lost status Damaged status Home library Current library Date acquired Full call number Accession Number Koha item type
      KAUAET KAUAET 07/04/2012 658.4034 KOT/IN 18527 Books
free website counter